000 00365nam a22001577a 4500
003 OSt
005 20211102083216.0
008 211102b |||||||| |||| 00| 0 eng d
040 _cHU
082 _a320.532
100 _aP.N .FEDOSEYEV
_916531
245 _aSCIENTIFIC COMMUNISM
260 _aUNION OF SOVIET
_bHALL
_c1983
300 _a422
942 _2ddc
_cBOOKS
_n0
999 _c16192
_d16192